| 000 | 01132nam a2200265 a 4500 | ||
|---|---|---|---|
| 001 | 39536 | ||
| 003 | BD-RjUL | ||
| 005 | 20211209053018.0 | ||
| 008 | 160412s2011 bg ||||| b||| 001 0 ben d | ||
| 020 |
_a978984876576X _c: Tk 800.00 |
||
| 035 | _a(BD-RjUL)39649 | ||
| 040 |
_aBD-RjUL _bben _cBD-RjUL |
||
| 041 | _aben | ||
| 082 |
_223 _a891.4416 _bSEA 2011 |
||
| 100 |
_aসিলি, কিল্টন বি. _9121794 |
||
| 245 | 1 | 0 |
_aঅনন্য জীবনানন্দ / _cকিল্টন বি সিলি ; অনুবাদ : ফারুক মঈনউদ্দীন . |
| 260 |
_aঢাকা : _bপ্রথমা প্রকাশন, _c২০১১. |
||
| 300 |
_a৩৫৬ পৃ. ; _c২৫ সেমি. |
||
| 504 | _aগ্রন্থপঞ্জি ও নির্ঘণ্ট সংযুক্ত. | ||
| 600 |
_a দাশ, জীবনানন্দ . _xজীবনী _9121955 |
||
| 600 |
_a Das, Jibanananda _xbiography _9121956 |
||
| 650 |
_aPoets _zBangladesh _9121797 |
||
| 700 |
_a মঈনউদ্দীন, ফারুক, অনুবাদক. _9121957 |
||
| 942 |
_2ddc _cBK _01 |
||
| 999 |
_c39536 _d39536 |
||